[Event "Titled Tuesday intern op 12th Oct"]
[Site "Chess.com INT"]
[Date "2021.10.12"]
[Round "7"]
[White "Gasanov, Zaur"]
[Black "Assaubayeva, Bibissara"]
[Result "0-1"]
[WhiteElo "2231"]
[BlackElo "2400"]
[PlyCount "100"]
[EventDate "2021.10.12"]
[EventType "swiss (blitz)"]
[EventRounds "11"]
[EventCountry "USA"]
[SourceTitle "EXT 2023"]
[Source "ChessBase"]
[SourceDate "2022.10.05"]
[SourceVersion "1"]
[SourceVersionDate "2022.10.05"]
[SourceQuality "1"]

1. d4 Nf6 2. Nf3 g6 3. Bf4 Bg7 4. e3 0-0 5. h3 d6 6. Be2 Nfd7 7. 0-0 e5 8. Bh2 Nc6 9. c4 f5 10. Nc3 e4 11. Nd2 Nf6 12. Rc1 Kh8 13. Qb3 g5 14. Rfd1 Qe8 15. Nd5 Qf7 16. Nxf6 Qxf6 17. c5 Qg6 18. cxd6 cxd6 19. Nc4 f4 20. Bf1 Bh6 21. Qa3 g4 22. Bxf4 Bxf4 23. exf4 gxh3 24. d5 hxg2 25. Bxg2 Rg8 26. Qg3 Ne7 27. Qxg6 Rxg6 28. Kf1 Bg4 29. Ke1 Bxd1 30. Bxe4 Bh5 31. Bxg6 Bxg6 32. Nxd6 Nxd5 33. f5 Bh5 34. Nxb7 Nf4 35. Kd2 Rb8 36. Rc7 Bf3 37. Nd6 Nd5 38. Rd7 Rxb2+ 39. Kc1 Rxa2 40. Nc4 Rxf2 41. Ne5 Be4 42. Rd8+ Kg7 43. Rd7+ Kf8 44. Rxh7 Bxf5 45. Rxa7 Re2 46. Nd7+ Ke8 47. Nb8 Rc2+ 48. Kd1 Ne3+ 49. Ke1 Bd3 50. Ra3 Re2# 0-1

[Event "Titled Tuesday intern op 12th Oct"]
[Site "Chess.com INT"]
[Date "2021.10.12"]
[Round "10"]
[White "Kanyamarala, Tarun"]
[Black "Gasanov, Zaur"]
[Result "0-1"]
[WhiteElo "2309"]
[BlackElo "2231"]
[PlyCount "80"]
[EventDate "2021.10.12"]
[EventType "swiss (blitz)"]
[EventRounds "11"]
[EventCountry "USA"]
[SourceTitle "EXT 2023"]
[Source "ChessBase"]
[SourceDate "2022.10.05"]
[SourceVersion "1"]
[SourceVersionDate "2022.10.05"]
[SourceQuality "1"]

1. d4 Nf6 2. Nf3 g6 3. e3 Bg7 4. c4 0-0 5. Be2 c5 6. d5 b5 7. cxb5 a6 8. b6 Qxb6 9. 0-0 Bb7 10. Nc3 d6 11. e4 Nbd7 12. Nd2 Rfb8 13. Nc4 Qc7 14. a4 Bc8 15. Ra3 Rb4 16. b3 Rab8 17. Bd2 Nb6 18. Qc2 Nxc4 19. Bxc4 Nd7 20. Ne2 R4b7 21. Bxa6 Ra7 22. Bxc8 Qxc8 23. Bc3 Bxc3 24. Nxc3 Rb4 25. Rfa1 Qb7 26. Nb5 Ra8 27. f3 Qb6 28. Kh1 Ra5 29. h3 Ne5 30. R3a2 c4 31. bxc4 Rxc4 32. Qb3 Qc5 33. Qa3 Qc8 34. Qb3 Qc5 35. Qb2 Nd3 36. Qd2 Nb4 37. Rb2 Ra8 38. Rb3 Nc2 39. Nc3 Nxa1 40. Ra3 Qxa3 0-1

[Event "Titled Tuesday intern op 12th Oct"]
[Site "Chess.com INT"]
[Date "2021.10.12"]
[Round "11"]
[White "Pasti, Aron"]
[Black "Gasanov, Zaur"]
[Result "1-0"]
[WhiteElo "2253"]
[BlackElo "2231"]
[PlyCount "117"]
[EventDate "2021.10.12"]
[EventType "swiss (blitz)"]
[EventRounds "11"]
[EventCountry "USA"]
[SourceTitle "EXT 2023"]
[Source "ChessBase"]
[SourceDate "2022.10.05"]
[SourceVersion "1"]
[SourceVersionDate "2022.10.05"]
[SourceQuality "1"]

1. e4 c5 2. Nf3 e6 3. d4 cxd4 4. Nxd4 Nc6 5. Nc3 Qc7 6. Be3 a6 7. Qf3 Nf6 8. 0-0-0 Nxd4 9. Bxd4 e5 10. Qg3 d6 11. Be3 b5 12. f4 b4 13. Nd5 Nxd5 14. exd5 Bf5 15. Qf2 g6 16. Rg1 Rc8 17. Rd2 Qa5 18. Kb1 b3 19. axb3 h5 20. Bb6 Qb4 21. Bd3 Bxd3 22. Rxd3 Bg7 23. f5 0-0 24. f6 Bxf6 25. Qxf6 Qxb6 26. Rf1 Qc5 27. Rf2 e4 28. Rc3 Qxd5 29. Rg3 Qd1+ 30. Ka2 Kh7 31. Qe7 Qd5 32. Rf6 Qa5+ 33. Kb1 Qc7 34. Qxe4 d5 35. Qd3 Qe5 36. Rf1 Rce8 37. Rgf3 f5 38. h3 d4 39. g4 hxg4 40. hxg4 f4 41. Rh3+ Kg7 42. g5 Rh8 43. Rh6 Rxh6 44. gxh6+ Kxh6 45. Qh3+ Kg7 46. Rh1 Qh5 47. Qd7+ Kf8 48. Rxh5 gxh5 49. Qf5+ Ke7 50. Qxf4 Rd8 51. Qg5+ Kd7 52. Qxh5 Kc7 53. Qg6 Rd6 54. Qg3 Kc6 55. Kc1 Rd5 56. Kd2 Kb6 57. Kd3 Rd7 58. Qf3 Rd6 59. Kc4 1-0

[Event "Titled Tuesday intern op 05th Oct"]
[Site "Chess.com INT"]
[Date "2021.10.05"]
[Round "7"]
[White "Gasanov, Zaur"]
[Black "Buker, Muhittin"]
[Result "1-0"]
[WhiteElo "2231"]
[BlackElo "1967"]
[PlyCount "31"]
[EventDate "2021.10.05"]
[EventType "swiss (blitz)"]
[EventRounds "11"]
[EventCountry "USA"]
[SourceTitle "CBM 204 Extra"]
[Source "ChessBase"]
[SourceDate "2021.11.30"]
[SourceVersion "1"]
[SourceVersionDate "2021.11.30"]
[SourceQuality "1"]

1. d4 Nf6 2. g3 e6 3. Bg2 d5 4. Nf3 Be7 5. 0-0 0-0 6. c4 dxc4 7. Qc2 a6 8. a4 c5 9. dxc5 Bxc5 10. Qxc4 Qc7 11. Qb3 Nc6 12. Nc3 e5 13. Bg5 Be6 14. Qc2 Nd5 15. Nxd5 Bxd5 16. Qxc5 1-0

[Event "Titled Tuesday intern op 05th Oct"]
[Site "Chess.com INT"]
[Date "2021.10.05"]
[Round "3"]
[White "Mickiewicz, Piotr"]
[Black "Gasanov, Zaur"]
[Result "1-0"]
[WhiteElo "2331"]
[BlackElo "2231"]
[PlyCount "71"]
[EventDate "2021.10.05"]
[EventType "swiss (blitz)"]
[EventRounds "11"]
[EventCountry "USA"]
[SourceTitle "CBM 204 Extra"]
[Source "ChessBase"]
[SourceDate "2021.11.30"]
[SourceVersion "1"]
[SourceVersionDate "2021.11.30"]
[SourceQuality "1"]

1. Nf3 Nf6 2. g3 g6 3. Bg2 Bg7 4. 0-0 0-0 5. c4 c5 6. d4 cxd4 7. Nxd4 Nc6 8. Nc3 Nxd4 9. Qxd4 d6 10. b3 Qc7 11. Bb2 Be6 12. Rac1 a6 13. Rc2 Rab8 14. Rfc1 Rfc8 15. Qd2 h5 16. Nd5 Bxd5 17. cxd5 Qd7 18. h3 Kh7 19. Qd3 Qd8 20. g4 hxg4 21. hxg4 Rxc2 22. Rxc2 Nxg4 23. Qh3+ Nh6 24. Bc1 b5 25. b4 a5 26. a3 axb4 27. axb4 Ra8 28. Kh2 Qf8 29. Be4 f5 30. Bd3 Rc8 31. Rc6 Rb8 32. Bg5 Qf7 33. Qh4 Qxd5 34. Rc7 Rb7 35. e4 Qe5+ 36. f4 1-0

[Event "Titled Tuesday intern op 28th Sept"]
[Site "Chess.com INT"]
[Date "2021.09.28"]
[Round "9"]
[White "Gasanov, Zaur"]
[Black "Babiy, Olga"]
[Result "1-0"]
[WhiteElo "2231"]
[BlackElo "2269"]
[PlyCount "143"]
[EventDate "2021.09.28"]
[EventType "swiss (blitz)"]
[EventRounds "11"]
[EventCountry "USA"]
[SourceTitle "CBM 204 Extra"]
[Source "ChessBase"]
[SourceDate "2021.11.30"]
[SourceVersion "1"]
[SourceVersionDate "2021.11.30"]
[SourceQuality "1"]

1. d4 Nf6 2. Nf3 c5 3. dxc5 e6 4. a3 Bxc5 5. b4 Be7 6. Bb2 0-0 7. e3 d5 8. Nbd2 a6 9. c4 Nc6 10. Be2 b6 11. 0-0 Bb7 12. Qb3 Rc8 13. Rfd1 Qc7 14. Rac1 Qb8 15. cxd5 Nxd5 16. Nc4 b5 17. Nce5 Nxe5 18. Nxe5 Rxc1 19. Rxc1 Rc8 20. Rxc8+ Qxc8 21. Nd3 f6 22. Bf3 Nc7 23. Bxb7 Qxb7 24. Nf4 Kf7 25. h3 Qc6 26. Qd3 g6 27. Ne2 Qd6 28. Qc2 Nd5 29. Bd4 Qc7 30. Qb3 Qc4 31. Qxc4 bxc4 32. e4 Nc7 33. Nc3 Nb5 34. Nxb5 axb5 35. Kf1 e5 36. Be3 Ke6 37. Ke2 f5 38. f3 Bf8 39. Kd2 Kd7 40. Kc3 Kc6 41. a4 bxa4 42. Kxc4 a3 43. b5+ Kb7 44. Kb3 Bd6 45. exf5 gxf5 46. g4 f4 47. Bf2 Be7 48. h4 Kc7 49. h5 Kb7 50. Ka2 Kc7 51. Kb3 Kb7 52. Be1 Kc7 53. Bc3 Bd6 54. g5 Kd7 55. b6 Ke6 56. b7 Kf5 57. g6 hxg6 58. h6 Kf6 59. Kc4 g5 60. Kd5 Bb8 61. h7 Kg7 62. Bxe5+ Bxe5 63. Kxe5 a2 64. h8Q+ Kxh8 65. b8Q+ Kg7 66. Qa7+ Kg6 67. Qxa2 Kh5 68. Qg2 Kg6 69. Qg4 Kh6 70. Kf6 Kh7 71. Kf7 Kh6 72. Qh3# 1-0

[Event "Titled Tuesday intern op 28th Sept"]
[Site "Chess.com INT"]
[Date "2021.09.28"]
[Round "2"]
[White "Grabowski, Pawel"]
[Black "Gasanov, Zaur"]
[Result "1-0"]
[WhiteElo "2285"]
[BlackElo "2231"]
[PlyCount "80"]
[EventDate "2021.09.28"]
[EventType "swiss (blitz)"]
[EventRounds "11"]
[EventCountry "USA"]
[SourceTitle "CBM 204 Extra"]
[Source "ChessBase"]
[SourceDate "2021.11.30"]
[SourceVersion "1"]
[SourceVersionDate "2021.11.30"]
[SourceQuality "1"]

1. d4 Nf6 2. c4 g6 3. Nc3 d5 4. cxd5 Nxd5 5. e4 Nxc3 6. bxc3 Bg7 7. Be3 0-0 8. Qd2 c5 9. Rc1 Qa5 10. Nf3 Rd8 11. Be2 Bg4 12. d5 c4 13. Bd4 Bxf3 14. gxf3 Bxd4 15. cxd4 Qxd2+ 16. Kxd2 b5 17. a4 a6 18. Ra1 Nd7 19. Rhb1 Rab8 20. axb5 axb5 21. Ra5 b4 22. Bxc4 Nf8 23. Kd3 Rdc8 24. Ra4 e6 25. dxe6 Ra8 26. exf7+ Kg7 27. Rxa8 Rxa8 28. Rxb4 Ra3+ 29. Ke2 Rc3 30. Kd2 Rxf3 31. Ke2 Rc3 32. Bb3 Kf6 33. e5+ Kg7 34. Rb8 g5 35. e6 Rc7 36. d5 Re7 37. Rxf8 Kxf8 38. d6 Rb7 39. e7+ Rxe7+ 40. dxe7+ Kxe7 1-0

[Event "Titled Tuesday intern op 28th Sept"]
[Site "Chess.com INT"]
[Date "2021.09.28"]
[Round "11"]
[White "Silvestre, Christian"]
[Black "Gasanov, Zaur"]
[Result "0-1"]
[WhiteElo "1942"]
[BlackElo "2231"]
[PlyCount "66"]
[EventDate "2021.09.28"]
[EventType "swiss (blitz)"]
[EventRounds "11"]
[EventCountry "USA"]
[SourceTitle "CBM 204 Extra"]
[Source "ChessBase"]
[SourceDate "2021.11.30"]
[SourceVersion "1"]
[SourceVersionDate "2021.11.30"]
[SourceQuality "1"]

1. d4 Nf6 2. Bg5 d5 3. Bxf6 exf6 4. g3 c6 5. Bg2 Bd6 6. e3 f5 7. c4 dxc4 8. Qc2 Be6 9. Nd2 0-0 10. Nxc4 Bc7 11. Ne2 Nd7 12. 0-0 Nf6 13. Rfd1 Ng4 14. h3 Nf6 15. b4 Nd5 16. Rab1 a6 17. a4 Rc8 18. Qb2 f4 19. gxf4 Nxf4 20. Nxf4 Bxc4 21. d5 Bxf4 22. dxc6 Qh4 23. cxb7 Rb8 24. exf4 Be6 25. Qe5 Bxh3 26. Bf3 Bg4 27. Bg2 Bxd1 28. Rxd1 Rxb7 29. Bxb7 Qg4+ 30. Bg2 Qxd1+ 31. Kh2 Qxa4 32. Qc5 Rb8 33. Bb7 Qb5 0-1

[Event "Titled Tuesday intern op 07th Sept"]
[Site "Chess.com INT"]
[Date "2021.09.07"]
[Round "4"]
[White "Kovalev, Vladislav"]
[Black "Gasanov, Zaur"]
[Result "1-0"]
[WhiteElo "2634"]
[BlackElo "2231"]
[PlyCount "111"]
[EventDate "2021.09.07"]
[EventType "swiss (blitz)"]
[EventRounds "11"]
[EventCountry "USA"]
[SourceTitle "EXT 2022"]
[Source "ChessBase"]
[SourceDate "2021.10.06"]
[SourceVersion "1"]
[SourceVersionDate "2021.10.06"]
[SourceQuality "1"]

1. e4 c5 2. Be2 Nc6 3. d3 Nf6 4. f4 d6 5. Nf3 g6 6. 0-0 Bg7 7. c3 0-0 8. Kh1 b5 9. a3 a5 10. Be3 Bb7 11. Nbd2 b4 12. d4 Qc7 13. d5 Nb8 14. axb4 axb4 15. Rxa8 Bxa8 16. cxb4 cxb4 17. Qa4 Nbd7 18. Qxb4 Rb8 19. Qc3 Qd8 20. Bd4 Rc8 21. Qe3 Ng4 22. Qa3 Bxd4 23. Nxd4 Ngf6 24. Bf3 Qb6 25. Nc6 Bxc6 26. dxc6 Qxc6 27. e5 Qc2 28. exf6 Qxd2 29. fxe7 Nf6 30. h3 Re8 31. Rd1 Qxf4 32. Qxd6 Qxd6 33. Rxd6 Kg7 34. b4 Rxe7 35. Rd1 Nd7 36. b5 Ne5 37. Bd5 Rd7 38. b6 Nc6 39. b7 Nb8 40. Kh2 Kf6 41. Rf1+ Ke5 42. Bf3 f5 43. Kg3 g5 44. Re1+ Kd6 45. Rd1+ Kc7 46. Rc1+ Kb6 47. Rc8 Na6 48. b8Q+ Nxb8 49. Rxb8+ Kc5 50. Rf8 f4+ 51. Kg4 Kd4 52. Kxg5 Ke3 53. Kh6 Kf2 54. Rxf4 Kg3 55. Rg4+ Kh2 56. Rg7 1-0

[Event "Titled Tuesday intern op 07th Sept"]
[Site "Chess.com INT"]
[Date "2021.09.07"]
[Round "3"]
[White "Mekhitarian, Krikor Sevag"]
[Black "Gasanov, Zaur"]
[Result "0-1"]
[WhiteElo "2560"]
[BlackElo "2231"]
[PlyCount "78"]
[EventDate "2021.09.07"]
[EventType "swiss (blitz)"]
[EventRounds "11"]
[EventCountry "USA"]
[SourceTitle "EXT 2022"]
[Source "ChessBase"]
[SourceDate "2021.10.06"]
[SourceVersion "1"]
[SourceVersionDate "2021.10.06"]
[SourceQuality "1"]

1. e4 c5 2. Nf3 e6 3. d4 cxd4 4. Nxd4 Nc6 5. Nc3 Qc7 6. g3 a6 7. Bg2 Nf6 8. 0-0 h6 9. Re1 Nxd4 10. Qxd4 Bc5 11. Bf4 d6 12. Qd3 e5 13. Be3 Be6 14. Rad1 Ke7 15. Nd5+ Bxd5 16. exd5 Rhc8 17. c3 Kf8 18. h3 Bxe3 19. Qxe3 Qc5 20. Qf3 b5 21. a3 a5 22. Ra1 b4 23. cxb4 axb4 24. a4 Qc2 25. Re2 Rxa4 26. Rae1 Qc5 27. g4 Qd4 28. Qf5 Raa8 29. g5 hxg5 30. Qxg5 b3 31. Bf3 Rc2 32. Kg2 Qxb2 33. Qe3 Qc3 34. Qb6 Qc5 35. Qxb3 Rc3 36. Qb7 Rc8 37. Qb2 Qd4 38. Rd2 Qf4 39. Bg4 Ne4 0-1

[Event "Titled Tuesday intern op 07th Sept"]
[Site "Chess.com INT"]
[Date "2021.09.07"]
[Round "11"]
[White "Nilsen, Tobias Lang"]
[Black "Gasanov, Zaur"]
[Result "0-1"]
[WhiteElo "2169"]
[BlackElo "2231"]
[PlyCount "78"]
[EventDate "2021.09.07"]
[EventType "swiss (blitz)"]
[EventRounds "11"]
[EventCountry "USA"]
[SourceTitle "EXT 2022"]
[Source "ChessBase"]
[SourceDate "2021.10.06"]
[SourceVersion "1"]
[SourceVersionDate "2021.10.06"]
[SourceQuality "1"]

1. e4 c5 2. Nf3 e6 3. d4 cxd4 4. Nxd4 Nc6 5. Nc3 Qc7 6. Be3 a6 7. Qf3 Nf6 8. 0-0-0 Nxd4 9. Bxd4 e5 10. Be3 d6 11. Qg3 b5 12. f4 b4 13. Nd5 Nxd5 14. exd5 Bf5 15. Bd3 Bxd3 16. Rxd3 Rc8 17. Rd2 f6 18. fxe5 dxe5 19. Re1 Bd6 20. h4 0-0 21. Kb1 a5 22. h5 a4 23. h6 g6 24. Qh3 a3 25. Qe6+ Kh8 26. Rf1 Rce8 27. Qh3 axb2 28. Rdf2 f5 29. Bg5 Ra8 30. Rxf5 gxf5 31. Rxf5 Qc3 32. Rf3 Qe1+ 33. Kxb2 Rxa2+ 34. Kxa2 Ra8+ 35. Kb3 Ra3+ 36. Kc4 Qe4+ 37. Kb5 Qxd5+ 38. Kb6 Qc5+ 39. Kb7 Ra7# 0-1

[Event "Titled Tuesday intern op 10th Aug"]
[Site "Chess.com INT"]
[Date "2021.08.10"]
[Round "8"]
[White "Gasanov, Zaur"]
[Black "Zhuravleva, Olga"]
[Result "1-0"]
[WhiteElo "2231"]
[BlackElo "2278"]
[PlyCount "35"]
[EventDate "2021.08.10"]
[EventType "swiss (blitz)"]
[EventRounds "11"]
[EventCountry "USA"]
[SourceTitle "CBM 203 Extra"]
[Source "ChessBase"]
[SourceDate "2021.09.30"]
[SourceVersion "1"]
[SourceVersionDate "2021.09.30"]
[SourceQuality "1"]

1. d4 g6 2. Nf3 Bg7 3. Bf4 d6 4. e3 Nd7 5. Be2 e5 6. Bg3 f5 7. 0-0 Ne7 8. c4 0-0 9. Nc3 Kh8 10. Qb3 h6 11. Rfd1 f4 12. Bh4 g5 13. Bxg5 hxg5 14. Nxg5 Rf6 15. Nce4 Rg6 16. exf4 Nf5 17. Nf7+ Kh7 18. Nxd8 1-0

[Event "Titled Tuesday intern op 27th July"]
[Site "Chess.com INT"]
[Date "2021.07.27"]
[Round "2"]
[White "De Arruda, Leandro Formes"]
[Black "Gasanov, Zaur"]
[Result "0-1"]
[WhiteElo "2038"]
[BlackElo "2231"]
[PlyCount "72"]
[EventDate "2021.07.27"]
[EventType "swiss (blitz)"]
[EventRounds "11"]
[EventCountry "USA"]
[SourceTitle "CBM 203 Extra"]
[Source "ChessBase"]
[SourceDate "2021.09.30"]
[SourceVersion "1"]
[SourceVersionDate "2021.09.30"]
[SourceQuality "1"]

1. d4 Nf6 2. Nf3 g6 3. Nc3 d5 4. e3 Bg7 5. Be2 0-0 6. 0-0 c5 7. Ne5 cxd4 8. exd4 Nc6 9. Nxc6 bxc6 10. Bf4 Bf5 11. Bf3 Qa5 12. Re1 Rfe8 13. Be5 Rad8 14. h3 Qb4 15. Rb1 Ne4 16. Bxg7 Kxg7 17. g4 Be6 18. Nxe4 dxe4 19. c3 Qb5 20. a4 Qc4 21. Bxe4 c5 22. Bd3 Qa2 23. Bb5 Rf8 24. Re2 cxd4 25. Rd2 dxc3 26. Rxd8 Rxd8 27. Qc1 cxb2 28. Qc3+ Kg8 29. Rxb2 Qa1+ 30. Kh2 Bd5 31. Kg3 Qg1+ 32. Kf4 f6 33. Bc4 Qh2+ 34. Ke3 Qxh3+ 35. Kd4 Bxc4+ 36. Kxc4 Rc8+ 0-1

[Event "Titled Tuesday intern op 27th July"]
[Site "Chess.com INT"]
[Date "2021.07.27"]
[Round "3"]
[White "Gasanov, Zaur"]
[Black "Salinas Herrera, Pablo Patricio"]
[Result "0-1"]
[WhiteElo "2231"]
[BlackElo "2514"]
[PlyCount "140"]
[EventDate "2021.07.27"]
[EventType "swiss (blitz)"]
[EventRounds "11"]
[EventCountry "USA"]
[SourceTitle "CBM 203 Extra"]
[Source "ChessBase"]
[SourceDate "2021.09.30"]
[SourceVersion "1"]
[SourceVersionDate "2021.09.30"]
[SourceQuality "1"]

1. d4 d5 2. c4 e6 3. Nf3 a6 4. g3 dxc4 5. a4 Nc6 6. Bg2 Nf6 7. 0-0 Be7 8. Qc2 Na5 9. Bd2 Nb3 10. Ra2 Nxd4 11. Nxd4 Qxd4 12. Be3 Qd8 13. Qxc4 0-0 14. Nc3 b5 15. Qd3 Qxd3 16. exd3 Rb8 17. Ba7 Bd7 18. Bxb8 Rxb8 19. axb5 axb5 20. Rfa1 g6 21. Ra8 Rxa8 22. Rxa8+ Kg7 23. Ra7 Bd6 24. Rb7 b4 25. Nb5 Bxb5 26. Rxb5 Nd7 27. Kf1 Kf6 28. d4 Ke7 29. Ke2 e5 30. dxe5 Nxe5 31. b3 Nd7 32. Bc6 Nb6 33. Kd3 h5 34. h4 Ke6 35. Bg2 Ke7 36. Ra5 Nd7 37. Ra1 Ne5+ 38. Kd4 Ng4 39. Re1+ Kf6 40. f4 Nh6 41. Bh3 Ng8 42. Ke4 Ne7 43. Rd1 Nc6 44. Rc1 Na5 45. Rb1 Nc6 46. Bd7 Ne7 47. Rf1 Bc5 48. f5 g5 49. hxg5+ Kxg5 50. f6 Ng8 51. Rf5+ Kg6 52. Rxc5 Nxf6+ 53. Kd4 Nxd7 54. Rxc7 Nf6 55. Rc6 Kf5 56. Kc4 Ne4 57. Kxb4 Nxg3 58. Kc4 Kg5 59. b4 h4 60. b5 h3 61. b6 h2 62. Rc5+ f5 63. b7 h1Q 64. b8Q Qc1+ 65. Kd5 Qd2+ 66. Ke6 Qa2+ 67. Rd5 Ne4 68. Qg8+ Kf4 69. Qf7 Ng5+ 70. Kf6 Nxf7 0-1

[Event "Titled Tuesday intern op 06th July"]
[Site "Chess.com INT"]
[Date "2021.07.06"]
[Round "2"]
[White "Todorovic, Bojan"]
[Black "Gasanov, Zaur"]
[Result "1/2-1/2"]
[WhiteElo "2278"]
[BlackElo "2231"]
[PlyCount "136"]
[EventDate "2021.07.06"]
[EventType "swiss (blitz)"]
[EventRounds "11"]
[EventCountry "USA"]
[SourceTitle "EXT 2022"]
[Source "ChessBase"]
[SourceDate "2021.10.06"]
[SourceVersion "1"]
[SourceVersionDate "2021.10.06"]
[SourceQuality "1"]

1. d4 Nf6 2. c4 g6 3. Nc3 d5 4. cxd5 Nxd5 5. Bd2 Nb6 6. Bf4 Bg7 7. e3 0-0 8. Nf3 Nc6 9. Be2 Bg4 10. 0-0 Re8 11. h3 Bxf3 12. Bxf3 e5 13. dxe5 Bxe5 14. Bxe5 Rxe5 15. Bxc6 bxc6 16. Qxd8+ Rxd8 17. Rad1 Rde8 18. Rd4 Kg7 19. Rfd1 R8e7 20. b3 Rc5 21. R4d3 Rce5 22. Ne2 c5 23. Rc1 f5 24. Rdc3 c4 25. bxc4 Ra5 26. R3c2 c5 27. Nf4 Re4 28. Nd5 Ra3 29. f3 Re5 30. Kf2 Nxd5 31. cxd5 Rxd5 32. Rxc5 Rd2+ 33. Kg3 Raxa2 34. Rg1 Re2 35. Re5 Ra3 36. Kf4 Kf6 37. h4 h6 38. Re8 Rexe3 39. Rxe3 g5+ 40. hxg5+ hxg5+ 41. Kg3 f4+ 42. Kg4 fxe3 43. Re1 Rd3 44. f4 Rd4 45. g3 gxf4 46. gxf4 Re4 47. Kf3 Kf5 48. Rxe3 Rxf4+ 49. Ke2 Ra4 50. Kd2 Kf4 51. Re8 Re4 52. Rxe4+ Kxe4 53. Kc3 Kd5 54. Kb4 Kc6 55. Kb3 Kb7 56. Kb4 Kb6 57. Ka4 a5 58. Kb3 Kb5 59. Ka3 a4 60. Kb2 Kb4 61. Ka2 a3 62. Ka1 Ka4 63. Kb1 Kb3 64. Ka1 Kc3 65. Kb1 Kb4 66. Ka1 Kb3 67. Kb1 a2+ 68. Ka1 Ka3 1/2-1/2

[Event "Titled Tuesday intern op 29th June"]
[Site "Chess.com INT"]
[Date "2021.06.29"]
[Round "4"]
[White "Firat, Burak"]
[Black "Gasanov, Zaur"]
[Result "1-0"]
[WhiteElo "2466"]
[BlackElo "2231"]
[PlyCount "73"]
[EventDate "2021.06.29"]
[EventType "swiss (blitz)"]
[EventRounds "11"]
[EventCountry "USA"]
[SourceTitle "CBM 203 Extra"]
[Source "ChessBase"]
[SourceDate "2021.09.30"]
[SourceVersion "1"]
[SourceVersionDate "2021.09.30"]
[SourceQuality "1"]

1. d4 Nf6 2. c4 g6 3. h4 h5 4. Nc3 d5 5. cxd5 Nxd5 6. e4 Nxc3 7. bxc3 Bg7 8. Nf3 0-0 9. Be3 c5 10. Be2 Bg4 11. Rc1 Qa5 12. 0-0 Nd7 13. e5 Rfd8 14. Qb3 e6 15. Qxb7 Qxa2 16. Rfe1 Rab8 17. Qe4 Bf5 18. Qf4 Nb6 19. Qg3 Nd5 20. Bg5 Rdc8 21. c4 Nb4 22. d5 Nc2 23. Red1 Nd4 24. Bf1 exd5 25. cxd5 Qxd5 26. Bc4 Qd7 27. Ba6 Rc7 28. e6 Bxe6 29. Ne5 Qd6 30. Bf4 Qxa6 31. Rxd4 cxd4 32. Rxc7 Rb1+ 33. Kh2 Qa5 34. Nxg6 fxg6 35. Qxg6 Qxc7 36. Bxc7 Bf7 37. Qxb1 1-0

[Event "Titled Tuesday intern op 29th June"]
[Site "Chess.com INT"]
[Date "2021.06.29"]
[Round "5"]
[White "Gasanov, Zaur"]
[Black "Serikbay, Assel"]
[Result "1-0"]
[WhiteElo "2231"]
[BlackElo "2228"]
[PlyCount "51"]
[EventDate "2021.06.29"]
[EventType "swiss (blitz)"]
[EventRounds "11"]
[EventCountry "USA"]
[SourceTitle "CBM 203 Extra"]
[Source "ChessBase"]
[SourceDate "2021.09.30"]
[SourceVersion "1"]
[SourceVersionDate "2021.09.30"]
[SourceQuality "1"]

1. d4 d5 2. c4 c6 3. Nc3 Nf6 4. Nf3 a6 5. a4 dxc4 6. e4 e6 7. Bxc4 c5 8. 0-0 cxd4 9. Nxd4 Bc5 10. Be3 Nbd7 11. Qe2 0-0 12. Rfd1 Qe7 13. Rac1 Ne5 14. Ba2 Neg4 15. Bg5 h6 16. Bh4 Rd8 17. Nf3 Rxd1+ 18. Rxd1 g5 19. Bg3 Nh5 20. Nd4 e5 21. Nf5 Bxf5 22. exf5 Nxg3 23. Qxg4 Nxf5 24. Qxf5 Kg7 25. Bxf7 Rf8 26. Qg6+ 1-0

[Event "St Petersburg Korchnoi Memorial op"]
[Site "St Petersburg"]
[Date "2019.08.18"]
[Round "5"]
[White "Vunder, Andrei"]
[Black "Gasanov, Zaur"]
[Result "0-1"]
[WhiteElo "2039"]
[BlackElo "2240"]
[PlyCount "98"]
[EventDate "2019.08.14"]
[EventType "swiss"]
[EventRounds "9"]
[EventCountry "RUS"]
[SourceTitle "CBM 192"]
[Source "ChessBase"]
[SourceDate "2019.10.31"]
[SourceVersion "1"]
[SourceVersionDate "2019.10.31"]
[SourceQuality "1"]

1. d4 Nf6 2. Nf3 g6 3. Nbd2 Bg7 4. e4 d6 5. Bd3 0-0 6. 0-0 Nc6 7. c3 e5 8. dxe5 dxe5 9. Nc4 Nd7 10. b4 Nb6 11. Qc2 Bg4 12. Nfd2 Be6 13. Ne3 a6 14. Nb3 Nd7 15. Rd1 Qe7 16. a4 Rfe8 17. Ba3 Qg5 18. Bc4 Nf8 19. Bc1 Bxc4 20. Nxc4 Qh5 21. Nc5 b6 22. Nxa6 Rxa6 23. b5 Na5 24. bxa6 Nxc4 25. f3 Ra8 26. Qd3 Na5 27. Ba3 Ne6 28. Qd7 Qg5 29. Bb4 Qe3+ 30. Kh1 Qe2 31. Bxa5 bxa5 32. Qb5 Qf2 33. Rab1 Bf8 34. Qxe5 Rxa6 35. h3 Rc6 36. Rf1 Qd2 37. Qd5 Qxc3 38. Rbc1 Qxc1 39. Rxc1 Rxc1+ 40. Kh2 Rc5 41. Qa8 Kg7 42. Kg1 Rc1+ 43. Kf2 Bc5+ 44. Ke2 Bb4 45. g3 Rc2+ 46. Kf1 Ng5 47. Qd5 Nxh3 48. Qd4+ Kh6 49. Qe3+ g5 0-1

[Event "St Petersburg Korchnoi Memorial op"]
[Site "St Petersburg"]
[Date "2019.08.17"]
[Round "4"]
[White "Gasanov, Zaur"]
[Black "Kumargaliev, Marsel"]
[Result "1/2-1/2"]
[WhiteElo "2240"]
[BlackElo "2063"]
[PlyCount "81"]
[EventDate "2019.08.14"]
[EventType "swiss"]
[EventRounds "9"]
[EventCountry "RUS"]
[SourceTitle "CBM 192"]
[Source "ChessBase"]
[SourceDate "2019.10.31"]
[SourceVersion "1"]
[SourceVersionDate "2019.10.31"]
[SourceQuality "1"]

1. e4 c5 2. Nf3 d6 3. d4 cxd4 4. Nxd4 Nf6 5. Nc3 Nc6 6. f3 e5 7. Nb3 Be6 8. Nd5 Bxd5 9. exd5 Nb8 10. Be3 Be7 11. c4 Nbd7 12. Qd2 a5 13. Bd3 a4 14. Nc1 Qa5 15. Qxa5 Rxa5 16. Ne2 Nc5 17. Bc2 Nfd7 18. 0-0 0-0 19. Nc3 g6 20. Nb5 Rc8 21. b4 axb3 22. axb3 Rxa1 23. Rxa1 Na6 24. Bd2 Nf6 25. Nc3 Kf8 26. Bd1 Bd8 27. Na4 Nd7 28. Be2 Ndc5 29. Nxc5 dxc5 30. Re1 Bc7 31. Bd3 Re8 32. Bh6+ Ke7 33. h4 Kd7 34. Bd2 Bd8 35. g3 Be7 36. Kg2 Bd6 37. h5 Nc7 38. hxg6 hxg6 39. Rh1 Ra8 40. Kf2 Ra2 41. Ke2 1/2-1/2

[Event "St Petersburg Korchnoi Memorial op"]
[Site "St Petersburg"]
[Date "2019.08.16"]
[Round "3"]
[White "Krukovsky, Alexander"]
[Black "Gasanov, Zaur"]
[Result "0-1"]
[WhiteElo "1981"]
[BlackElo "2240"]
[PlyCount "68"]
[EventDate "2019.08.14"]
[EventType "swiss"]
[EventRounds "9"]
[EventCountry "RUS"]
[SourceTitle "CBM 192"]
[Source "ChessBase"]
[SourceDate "2019.10.31"]
[SourceVersion "1"]
[SourceVersionDate "2019.10.31"]
[SourceQuality "1"]

1. d4 Nf6 2. c4 g6 3. Nc3 d5 4. Bg5 c5 5. Bxf6 exf6 6. cxd5 Qb6 7. Nf3 cxd4 8. Nxd4 Qxb2 9. Rc1 a6 10. Qd2 Qxd2+ 11. Kxd2 f5 12. e3 Bd6 13. g3 0-0 14. Bc4 b5 15. Bb3 Bb7 16. Rhd1 Nd7 17. Nc6 Rac8 18. Ne2 Ba3 19. Rc2 a5 20. Ncd4 a4 21. Rxc8 Rxc8 22. Bc2 Ne5 23. Nf4 Nc4+ 24. Ke2 Nb2 25. Rb1 b4 26. Kd2 Rc5 27. d6 Nc4+ 28. Kd1 Nxd6 29. Bxa4 Ne4 30. Nfe2 Nxf2+ 31. Ke1 Be4 32. Rb3 Nd3+ 33. Kd2 Nb2 34. Nf4 Nxa4 0-1